| 000 | 01111cam a2200313 a 4500 | ||
|---|---|---|---|
| 999 |
_c10976 _d10976 |
||
| 001 | 3013170 | ||
| 003 | EG-ScBUE | ||
| 005 | 20210131113703.0 | ||
| 008 | 940126s1995 enk f 000 1 eng d | ||
| 020 | _a9780006476580 | ||
| 040 |
_aDLC _beng _erda _cDLC _dDLC _dOCoLC _dDLC _dEG-ScBUE |
||
| 043 |
_an-us--- _an-us-ca |
||
| 082 | 0 | 4 |
_a813.54 _bSHE _222 |
| 100 | 1 |
_aSheldon, Sidney, _eauthor. |
|
| 245 | 1 | 0 |
_aNothing lasts forever / _cSidney Sheldon. |
| 250 | _aSpecial edition. | ||
| 264 | 1 |
_aLondon : _bHarper Collins Publishers, _c1995. |
|
| 300 |
_a370 pages ; _c25 cm |
||
| 336 |
_2rdacontent _atext _btxt |
||
| 337 |
_2rdamedia _aunmediated _bn |
||
| 338 |
_2rdacarrier _avolume _bnc |
||
| 650 | 7 |
_aWomen physicians _zUnited States _xFiction. _2BUEsh |
|
| 650 | 7 |
_aHospitals _zUnited States _xFiction. _2BUEsh |
|
| 651 | 7 |
_aSan Francisco (Calif.) _xFiction. _2BUEsh _939116 |
|
| 653 |
_bHHUUEENN _cJanuary2021 |
||
| 655 | 7 |
_aDetective and mystery stories. _2gsafd _vReading book |
|
| 942 |
_2ddc _cBB |
||